Irregular verbs - Estadísticas

Estadísticas generales
  • Esta prueba ha sido intentada 139 veces
  • La puntuación promedio es 51 de 67
Estadísticas de respuestas
Hint Respuesta % Correcto
Become Became
99%
Begin Began
97%
Be Was/were
97%
Break Broke
92%
Come Came
90%
Buy Bought
89%
Eat Ate
88%
Cut Cut
88%
Drink Drank
88%
Forget Forgot
88%
forget forgot
88%
run ran
88%
read read
88%
Build Built
86%
Drive Drove
86%
have had
86%
make made
86%
put put
86%
see saw
86%
grow grew
85%
hit hit
85%
keep kept
85%
know knew
85%
go went
85%
give gave
84%
get got
84%
meet met
84%
Do Did
83%
Draw Drew
83%
Find Found
83%
Fall Fell
82%
Choose Chose
80%
Cost Cost
80%
Can Could
80%
sing sang
80%
lose lost
79%
ride rode
79%
say said
79%
Feel Felt
77%
hear heard
77%
Fly Flew
76%
win won
76%
write wrote
75%
Bring Brought
74%
sleep slept
74%
swim swam
74%
send sent
73%
wake woke
73%
pay paid
72%
leave left
70%
mean meant
70%
spend spent
70%
understand understood
70%
throw threw
69%
lend lent
68%
take took
68%
sell sold
67%
tell told
67%
think thought
66%
sit sat
65%
show showed
56%
wear wore
54%
Catch Cought
40%
stand stood
40%
teach tought
34%
lie lay
32%
speak spook
21%
No se encontraron pruebas coincidentes
Distribución de puntuación
Porcentaje de gente con cada puntuación
Porcentaje por número respondido
Historial de tus puntuaciones
No has intentado esta prueba.